000 00770nam a22002177a 4500
003 UA-OsUOA
001 69069
007 ta
008 20100603b un ||||| |||| 00| 0 ukr d
090 _a340(477)
_bП68
942 _cBK
040 _aUA-OsUOA
_bukr
_cUA-OsUOA
_dUA-OsUOA
245 _aПравова система України: теорія і практика
_bТези доповідей і наукових повідомлень науково-практичної конференції
300 _a552 с.
955 _a2
041 _aukr
080 _a340(477)
260 _aК.
_c1993
650 7 _a340 Право в цілому. Пропедевтика. Методи та допоміжні правничі науки
_2UDC
999 _c355322
_d355322